004580000a2200145000450024500980000065000260009865000200012465000210014465000280016565000200019365100130021304100140022611000440024077300280028410aGestión ambiental en materia de fauna silvestre y fauna acuática: elementos de política14aPoliticas ambientales14aFauna Terrestre14aFauna acuática14aConservación de fauna14aUso de la fauna 4pColombia0 aEspañol1 aColombia. Ministerio del Medio Ambiente1 tPreprint33q1-17d1995